Vrai ou faux - Football - Statistiques

Statistiques générales
  • Ce quiz a été pris 88 fois
  • Le résultat moyen est 6 sur 10
Statistiques - réponses
Question Réponse % Correct
Manuel Neuer n'a jamais atteint le podium de la ligue des champions Faux
94%
Eric Abidal pendant une parti de sa carrière a eu de gros problème de santé. Vrai
90%
La finale de la ligue des champions 2022 s'est disputé à Paris Vrai
77%
Jamais une équipe asiatique à terminé en demi finale de la coupe du monde Faux
64%
Ronaldo (R9) a seulement une ligue des champions à son palmarès Faux
61%
Deschamps a atteint la finale de la ligue des champions 2001 avec son club ? Vrai
58%
La France a enchaîné 5 matchs sans marqué en coupe du monde Faux
53%
Karim Benzema a exactement le même nombre de sélections en équipe de France que Bixente Lizarazu et Laurent blanc Vrai
47%
Le pays bas est la nation qui a perdu le plus de finale de coupe du monde Faux
29%
Thierry Henry a marqué un but très contesté de la main pour les qualifications en 2010 ? Faux
22%
Aucun quiz correspondant
Distribution des résultats
% des personnes avec chaque résultat
Percentile par nombre de réponses
Votre historique - résultats
Vous n’avez pas pris ce quiz